000 00635nam a2200205Ia 4500
003 GCL
008 140319s9999 xx 000 0 ara d
040 _aGCL /
_cGCL
082 0 4 _a191
_bز ك
100 1 _aاحمد عثمان
245 1 0 _aطريقنا الى الحرية /
_cاحمد عثمان
700 1 _aزكى نجيب محمود
260 _a[S.N] :
_bعين للدراسات والبحوث الانسانية والاجتماعية ،
_c1994
300 _a193 ص
490 _a
650 0 4 _aالفلسفة
650 0 4 _aالفلسفة العربية
650 0 4 _aالفلسفة الحديثة
942 _2ddc
_cBK
999 _c32678
_d32678